000 00433nam a22001577a 4500
999 _c2931
_d2931
003 OSt
005 20181019144728.0
008 181019b ||||| |||| 00| 0 eng d
040 _cDLC
082 _a248.4
_bW899A
100 _aWoodward, Dick
245 _aAs Eagles:
_bHow To Be An Eagle Disciple /
_cBy Dick Woodward.
260 _aVirginia, USA :
_bInternational Cooperating Ministries,
_c2000
300 _a33 p.:
942 _2ddc
_cBK